Ethical and social issues in the information age / (Record no. 22324)
[ view plain ]
| 000 -LEADER | |
|---|---|
| fixed length control field | 00945cam a22002775a 4500 |
| 001 - CONTROL NUMBER | |
| control field | 17648926 |
| 005 - DATE AND TIME OF LATEST TRANSACTION | |
| control field | 20160907131923.0 |
| 008 - FIXED-LENGTH DATA ELEMENTS--GENERAL INFORMATION | |
| fixed length control field | 130305t2013 enka frb 001 0 eng d |
| 020 ## - INTERNATIONAL STANDARD BOOK NUMBER | |
| International Standard Book Number | 9781447149897 |
| 040 ## - CATALOGING SOURCE | |
| Original cataloging agency | DLC |
| Transcribing agency | DLC |
| Modifying agency | DLC |
| -- | EG-ScBUE |
| Language of cataloging | eng |
| 082 04 - DEWEY DECIMAL CLASSIFICATION NUMBER | |
| Edition number | 22 |
| Classification number | 174.90904 |
| Item number | KIZ |
| 100 1# - MAIN ENTRY--PERSONAL NAME | |
| Personal name | Kizza, Joseph Migga. |
| 9 (RLIN) | 41058 |
| 245 10 - TITLE STATEMENT | |
| Title | Ethical and social issues in the information age / |
| Statement of responsibility, etc | Joseph Migga Kizza. |
| 250 ## - EDITION STATEMENT | |
| Edition statement | 5th ed. |
| 260 ## - PUBLICATION, DISTRIBUTION, ETC. (IMPRINT) | |
| Place of publication, distribution, etc | London : |
| Name of publisher, distributor, etc | Springer-Verlag, |
| Date of publication, distribution, etc | c.2013. |
| 300 ## - PHYSICAL DESCRIPTION | |
| Extent | xviii, 372 p. : |
| Other physical details | ill. ; |
| Dimensions | 24 cm. |
| 490 0# - Series Statement | |
| Series statement | Texts in computer science. |
| 500 ## - GENERAL NOTE | |
| General note | Index : p. 365-372. |
| 504 ## - BIBLIOGRAPHY, ETC. NOTE | |
| Bibliography, etc | Includes bibliographical references. |
| 650 #7 - SUBJECT ADDED ENTRY--TOPICAL TERM | |
| Source of heading or term | BUEsh |
| 9 (RLIN) | 35753 |
| Topical term or geographic name as entry element | Information technology |
| General subdivision | Moral and ethical aspects. |
| 650 #7 - SUBJECT ADDED ENTRY--TOPICAL TERM | |
| 9 (RLIN) | 34985 |
| Topical term or geographic name as entry element | Computers and civilization. |
| Source of heading or term | BUEsh |
| 650 #7 - SUBJECT ADDED ENTRY--TOPICAL TERM | |
| 9 (RLIN) | 37778 |
| Topical term or geographic name as entry element | Information technology |
| General subdivision | Social aspects. |
| Source of heading or term | BUEsh |
| 651 ## - SUBJECT ADDED ENTRY--GEOGRAPHIC NAME | |
| Source of heading or term | BUEsh |
| 653 ## - INDEX TERM--UNCONTROLLED | |
| Resource For college | Informatics and Computer Science |
| Arrived date list | September2016 |
| 942 ## - ADDED ENTRY ELEMENTS (KOHA) | |
| Source of classification or shelving scheme | Dewey Decimal Classification |
| Withdrawn status | Item status | Source of classification or shelving scheme | Damaged status | Not for loan | Vendor | Home library | Current library | Shelving location | Date acquired | Source of acquisition | Cost, normal purchase price | Serial Enumeration / chronology | Total Checkouts | Total Renewals | Full call number | Barcode | Date last seen | Date last borrowed | Cost, replacement price | Koha item type |
|---|---|---|---|---|---|---|---|---|---|---|---|---|---|---|---|---|---|---|---|---|
| Dewey Decimal Classification | Baccah | Central Library | Central Library | Lower Floor | 07/09/2016 | Purchase | 449.90 | 2000088 | 1 | 1 | 174.90904 KIZ | 000033568 | 15/07/2025 | 09/01/2022 | 562.38 | Book - Borrowing |